000 00667nam a2200217 a 4500
999 _c9500
_d9500
001 9500
003 BD-JhCC
005 20220807134021.0
008 180315s1993 bg |||| ||a| 000 0 ben d
035 _a(BD-JhCC)9500
040 _aBD-JhCC
_dBD-JhCC
041 _aben
082 _a511.7
_bHUD 1993
100 _aহুদা, মো: নূরুল
245 _aসাংখ্যিক ও গাণিতিক পদ্ধতি /
_cমো: নূরুল হুদা,
260 _aঢাকা :
_bবাংলা একাডেমী,
_c1993
300 _a766 p. :
_c25 cm.
650 _aMathematical Methods
942 _2ddc
_cBK
_01